000 00231nam a2200097Ia 4500
001 837435
005 20250826172533.0
008 250824s9999 xx 000 0 und d
245 0 _aMOR
_cKAHRAMAN TEZEOĞLU
260 _bDESTEK YAYINLARI
999 _c837435
_d837435